Sportifs français de l'année 2025 par lettre A-Z - Statistiques

Statistiques générales
  • Ce quiz a été pris 76 fois
    5 depuis la dernière actualisation
  • Le résultat moyen est 17 sur 24
Statistiques - réponses
Lettre Sport Sportifs % Correct
M Natation Léon Marchand
100%
D Football Ousmane Dembélé
100%
S Cyclisme sur route Paul Seixas
100%
W Basketball Victor Wembanyama
100%
F Tennis Arthur Fils
75%
N Ski alpin Clément Noël
75%
P Biathlon Éric Perrot
75%
Q Moto GP Fabio Quartararo
75%
L Tennis de table Félix Lebrun
75%
Y Basketball Guerschon Yabusele
75%
C Patinage artistique Guillaume Cizeron
75%
E Football Hugo Ekitike
75%
H Formule 1 Isack Hadjar
75%
Z Moto GP Johann Zarco
75%
B Rugby Louis Bielle-Biarrey
75%
T Football Marcus Thuram
75%
O Rallye Sébastien Ogier
75%
R Rugby Thomas Ramos
75%
U Football Dayot Upamecano
50%
A Rugby Grégory Alldritt
50%
G Athlétisme Jimmy Gressier
50%
K Football Jukes Koundé
50%
V Cyclisme sur route Kévin Vauquelin
50%
J BMX Freestyle Anthony Jeanjean
25%
Aucun quiz correspondant
Distribution des résultats
% des personnes avec chaque résultat
Percentile par nombre de réponses
Votre historique - résultats
Vous n’avez pas pris ce quiz depuis la dernière actualisation